Alter Orient-Mythos und Wirklichkeit.

Gespeichert in:
Bibliographische Detailangaben
Hauptverfasser: Frankfort, Henri (VerfasserIn), Groenewegen Frankfort, H. A. (VerfasserIn), Wilson, John A. (VerfasserIn), Jacobsen, Thorkild (VerfasserIn), Irwin, William A. (VerfasserIn)
Format: Buch
Veröffentlicht: Stuttgard, Deutschland: Kohlhammer, 1981.
Ausgabe:2 unveränd Aufl
Schriftenreihe:Urban-Taschenbücher,
Schlagworte:
Tags: Tag hinzufügen
Keine Tags, Fügen Sie den ersten Tag hinzu!

MARC

LEADER 00000nam a22000007a 4500
003 CL-VaPUC
005 20250509152633.0
008 250506t1981 ||||| |||| 00| 0 eng d
999 |c 449293  |d 449291 
020 |a 3-17-007220-X 
040 |c Pontificia Universidad Católica de Valparaíso 
082 |a 299.31 FRA 1981 
100 |9 303699  |a Frankfort, Henri  |e author 
245 |a Alter Orient-Mythos und Wirklichkeit. 
250 |a 2 unveränd Aufl 
260 |a Stuttgard, Deutschland:  |b Kohlhammer,  |c 1981. 
300 |a 288 páginas. 
490 |a Urban-Taschenbücher,  |n  9. 
500 |a c.1. Donación libros de R. P Dieter Gustavo Felten (Q.E.P.D) octubre 2024. 
546 |a Libro en alemán.  
583 |c 20250506  |k Gabriela Rodríguez Cuevas 
650 0 |9 314285  |a Religiones antiguas  |x Historia  |z Egipto y Mesopotamia 
651 0 |9 268532  |a Medio Oriente  |x Mitologías  
700 |9 902639  |a Groenewegen Frankfort, H. A.  |e author 
700 |9 902640  |a Wilson, John A.  |e author 
700 |9 902641  |a Jacobsen, Thorkild  |e author 
700 |9 902642  |a Irwin, William A.  |e author 
942 |2 ddc  |c BK 
952 |0 0  |1 0  |2 ddc  |4 0  |6 299_310000000000000_FRA_1981  |7 0  |8 A  |9 602903  |a BIBTEO  |b BIBTEO  |d 2025-05-06  |e Donación  |i 5667290  |o 299.31 FRA 1981  |p 5667290  |r 2025-05-06  |t 1  |w 2025-05-06  |y BK  |k ICR